000 00464nam a2200193Ia 4500
008 101110s9999 xx 000 0 und d
041 _aENGLISH
082 _bSR13897
_a158.7
100 _aGhosh P.K. and Ghorpade
245 _aIndustrial Psychology
365 _b22
520 _aPsychology
546 _aENGLISH
630 _aIndustrial Psychology
650 _aPsychology
655 _aPsychology
730 _aIndustrial Psychology
942 _cBOOK
999 _c808030
_d808027